| 000 | 00479nam a2200205Ia 4500 | ||
|---|---|---|---|
| 008 | 210210b2011 xxu||||| |||| 00| 0 eng d | ||
| 020 | _a9788130918860 | ||
| 041 | _aeng | ||
| 082 | _a820.9 BLOC | ||
| 100 | _aBLOOM (Harold) | ||
| 245 | _aCharlotte bronte: jane eyre | ||
| 260 |
_aNew Delhi _bViva books _c2011 |
||
| 300 | _avii,235 | ||
| 650 | _ajane | ||
| 650 | _aeyre | ||
| 650 | _aCharlotte | ||
| 650 | _abrontes: | ||
| 690 | _aEnglish Criticism | ||
| 906 | _a066804 | ||
| 999 |
_c149266 _d149266 |
||